书目信息 |
| 题名: |
大麻的疯狂
|
|
| 作者: | 施洛瑟 著 ;王青山 译 | |
| 分册: | ||
| 出版信息: | 北京 社会科学文献出版社 2006 |
|
| 页数: | 293页 | |
| 开本: | 23cm | |
| 丛书名: | 黑金译丛 | |
| 单 册: | ||
| 中图分类: | D771.288 | |
| 科图分类: | ||
| 主题词: | 社会病态--研究--美国--现代 , 社会病态 , 政治 | |
| 电子资源: | ||
| ISBN: | 7-80230-158-0 | |
| 000 | 01346oam2 2200325 450 | |
| 001 | 1231431828 | |
| 005 | 20121005084625.71 | |
| 010 | @a7-80230-158-0@dCNY29.00 | |
| 100 | @a20060104d2006 em y0chiy50 ea | |
| 101 | 1 | @achi@ceng |
| 102 | @aCN@b110000 | |
| 105 | @aa z 000yy | |
| 106 | @ar | |
| 200 | 1 | @a大麻的疯狂@e美国黑市中的性、毒品以及廉价劳工@dReefer madness@esex, drugs and cheap labor in American black market@f(美)艾里克·施洛瑟(Eric Schlosser)著@g王青山译@zeng@Ada ma de feng kuang |
| 210 | @a北京@c社会科学文献出版社@d2006 | |
| 215 | @a293页@c图@d23cm | |
| 225 | 2 | @a黑金译丛 |
| 305 | @a据霍顿米夫林出版社2004年版译出 | |
| 330 | @a本书第一次报道了美国的非法劳工、大麻和色情行业的历史和现状,包括“地下经济”、“大麻的疯狂”、“备受争议的植物”等内容。 | |
| 461 | 0 | @1001003295704 |
| 510 | 1 | @aReefer madness@esex, drugs and cheap labor in American black market@zeng |
| 517 | 1 | @a美国黑市中的性、毒品以及廉价劳工@Amei guo hei shi zhong de xing 、 du pin yi ji lian jia lao gong |
| 606 | 0 | @a社会病态@x研究@y美国@z现代 |
| 606 | 0 | @a社会病态 |
| 606 | 0 | @a政治 |
| 690 | @aD771.288@v4 | |
| 701 | 0 | @c(美)@a施洛瑟@c(Schlosser, Eric)@4著@Ashi luo se |
| 702 | 0 | @a王青山@c(翻译)@4译@Awang qing shan |
| 801 | 0 | @aCN@b大连网信软件有限公司图书馆·11@c20121005 |
| 905 | @a10447@dD771.288@eJY27 | |
| 大麻的疯狂:美国黑市中的性、毒品以及廉价劳工=Reefer madness:sex, drugs and cheap labor in American black market/(美)艾里克·施洛瑟(Eric Schlosser)著/王青山译.-北京:社会科学文献出版社,2006 |
| 293页:图;23cm .-(黑金译丛 ) |
| ISBN 7-80230-158-0:CNY29.00 |
| 本书第一次报道了美国的非法劳工、大麻和色情行业的历史和现状,包括“地下经济”、“大麻的疯狂”、“备受争议的植物”等内容。 |
| ● |
| 相关链接 |
|
|
|
|
正题名:大麻的疯狂
索取号:D771.288/JY27
 
预约/预借
| 序号 | 登录号 | 条形码 | 馆藏地/架位号 | 状态 | 备注 |
| 1 | 7812462 | 278124628 | 学院路分馆/ [索取号:D771.288/JY27] | 在馆 | |
| 2 | 7812463 | 278124637 | 学院路分馆/ [索取号:D771.288/JY27] | 在馆 |